Dependencia e independencia: las alternativas de la sociología latinoamericana en el siglo XX

Salvato in:
Dettagli Bibliografici
Autore principale: Marsal, Juan Francisco (autor)
Natura: Libro
Lingua:spagnolo
Pubblicazione: Madrid Centro de Investigaciones Sociológicas 1979
Soggetti:
Tags: Aggiungi Tag
Nessun Tag, puoi essere il primo ad aggiungerne!!

MARC

LEADER 00000nam a2200000 a 4500
001 UCP5920
003 CL-VaPUC
008 991001e19790000SP |||||||||||||||||spa|d
082 0 4 |a 301  |b MAR  |2 21 
100 |a Marsal, Juan Francisco  |e autor  |9 470446 
245 1 0 |a Dependencia e independencia: las alternativas de la sociología latinoamericana en el siglo XX 
300 |a 226 p 
942 |c BK 
945 |d 19991001 00:00:00  |a crobeson 
260 |a Madrid  |b Centro de Investigaciones Sociológicas  |c 1979 
650 0 |a Sociología   |9 255410 
650 0 |a Ciencias sociales   |9 256351 
650 0 |a Ideologías  |9 255200 
650 0 |a Desarrollo económico y social   |9 256320 
650 0 |a Países en desarrollo  |9 259663 
650 0 |a Clases sociales  |9 256858 
650 0 |a Cambio social   |9 256857 
651 0 |a América Latina   |9 255027 
583 |a last modification  |c 19991001 00:00:00  |k Rodrigo Vera 
999 |c 283557  |d 283555 
952 |0 0  |1 0  |4 0  |6 301_000000000000000_MAR_1979  |7 0  |8 A  |9 326821  |a BIBHIS  |b BIBHIS  |d 2019-11-20  |i 1358014  |o 301 MAR 1979  |p 1358014  |r 2025-01-20  |w 2019-11-20  |y BK  |k HIS